| 000 | 00906nam a2200265 a 4500 | ||
|---|---|---|---|
| 001 | 62015 | ||
| 003 | BD-RjUL | ||
| 005 | 20211209081032.0 | ||
| 008 | 170122s1985 enka 001 0 eng d | ||
| 020 | _a0875896472 | ||
| 035 | _a(BD-RjUL)62140 | ||
| 040 |
_aBD-RjUL _beng _cBD-RjUL _dBD-RjUL |
||
| 041 | _aeng | ||
| 082 |
_223 _a658.4071245 _bPHI 1985 |
||
| 100 | 1 |
_aPhillips, Jack J. _d1945- _9184525 |
|
| 245 | 1 | 0 |
_aImproving supervisors' effectiveness : _bhoe organizations can raise the performance of their first-level managers / _cJack J. Phillips. |
| 260 |
_aSan Francisco : _bJossey-Bass Publishers, _cc1985. |
||
| 300 |
_axxiv, 421 p : _bill ; _c24 cm |
||
| 490 | _aJossey-Bass management series. | ||
| 500 | _aIncludes index. | ||
| 650 | 0 |
_aSupervision of employees _9181573 |
|
| 650 | 0 |
_aSupervisors _xTraining of _9184526 |
|
| 830 | 0 |
_aJossey-Bass management series _9170833 |
|
| 942 |
_2ddc _cBK |
||
| 999 |
_c62015 _d62015 |
||